=LDR 00000nam 2200000 4500 =001 INLIS000000000020809 =005 20130612115729 =008 ***********************************Ind** =035 ##$$0010-061300000020809 =041 ##$$a Ind =082 ##$$a 2X5.5 =090 ##$$a 2X5.5, Yas b =100 ##$$a Yasin,Fatihudin Abu =245 ##$$a Beulang kehidupan intisari Mojarobat, Ust. Fatihudin Abu Yasin =260 ##$$a (s.a) $b Surabaya =300 ##$$a 128 hlm., 19 cm =650 ##$$a Do'a dan Wirid =850 ##$$a NBPNMAT